Principi di pedagogia e didactica (Record no. 30391)

MARC details
000 -LEADER
campo de control de longitud fija 00590nam a2200181 i 4500
001 - NÚMERO DE CONTROL
campo de control 30391
003 - IDENTIFICADOR DE NÚMERO DE CONTROL
campo de control ES-MaACL
005 - FECHA Y HORA DE LA ÚLTIMA TRANSACCIÓN
campo de control 20230906154203.0
007 - CAMPO FIJO DE DESCRIPCIÓN FÍSICA--INFORMACIÓN GENERAL
campo de control de longitud fija t|
008 - DATOS DE LONGITUD FIJA--INFORMACIÓN GENERAL
campo de control de longitud fija 030124s1909 it ||||1| ita d
100 1# - ENTRADA PRINCIPAL--NOMBRE DE PERSONA
Nombre de persona Barth, Paul.
9 (RLIN) 26106
245 10 - MENCIÓN DEL TÍTULO
Título Principi di pedagogia e didactica
Resto del título : fondati sulla moderna psicología /
Mención de responsabilidad, etc. Paul Barth ; tradotti da Sophia e Francesco Orestano.
260 ## - PUBLICACIÓN, DISTRIBUCIÓN, ETC.
Lugar de publicación, distribución, etc. Milano :
Nombre del editor, distribuidor, etc. [s.n.,
Fecha de publicación, distribución, etc. 1909] (
Fabricante Vicenzo Bona)
300 ## - DESCRIPCIÓN FÍSICA
Extensión XII, 472 p. ;
Dimensiones 24 cm.
700 1# - ENTRADA AGREGADA--NOMBRE PERSONAL
Nombre de persona Orestano, Sophia.
9 (RLIN) 87237
700 1# - ENTRADA AGREGADA--NOMBRE PERSONAL
Nombre de persona Orestano, Francesco.
9 (RLIN) 87236
852 ## - LOCALIZACIÓN
Ubicación ES-MaACL
Número de control de estantería F-12692
Holdings
Estatus retirado Estado de pérdida Estado de daño No para préstamo Biblioteca de origen Biblioteca actual Ubicación en estantería Fecha de adquisición Fuente de adquisición Total de préstamos Signatura topográfica completa Código de barras Visto por última vez Precio de reemplazo Tipo de ítem Koha
        Biblioteca del Ateneo de Madrid Biblioteca del Ateneo de Madrid Sala Pecera Planta 2 17/01/2008     F-12692 1031374 23/02/2023 23/02/2023 Libro impreso